<?xml version="1.0" encoding="UTF-8"?><?xml-stylesheet type="text/xsl" href="static/style.xsl"?><OAI-PMH xmlns="http://www.openarchives.org/OAI/2.0/" xmlns:xsi="http://www.w3.org/2001/XMLSchema-instance" xsi:schemaLocation="http://www.openarchives.org/OAI/2.0/ http://www.openarchives.org/OAI/2.0/OAI-PMH.xsd"><responseDate>2026-04-18T04:04:12Z</responseDate><request verb="GetRecord" identifier="oai:www.recercat.cat:20.500.12327/3130" metadataPrefix="marc">https://recercat.cat/oai/request</request><GetRecord><record><header><identifier>oai:recercat.cat:20.500.12327/3130</identifier><datestamp>2025-10-22T11:34:22Z</datestamp><setSpec>com_2072_4428</setSpec><setSpec>com_2072_4427</setSpec><setSpec>col_2072_487898</setSpec></header><metadata><record xmlns="http://www.loc.gov/MARC21/slim" xmlns:dcterms="http://purl.org/dc/terms/" xmlns:xsi="http://www.w3.org/2001/XMLSchema-instance" xmlns:doc="http://www.lyncode.com/xoai" xsi:schemaLocation="http://www.loc.gov/MARC21/slim http://www.loc.gov/standards/marcxml/schema/MARC21slim.xsd">
   <leader>00925njm 22002777a 4500</leader>
   <datafield ind2=" " ind1=" " tag="042">
      <subfield code="a">dc</subfield>
   </datafield>
   <datafield ind2=" " ind1=" " tag="720">
      <subfield code="a">Ibanez-Escriche, Noelia</subfield>
      <subfield code="e">author</subfield>
   </datafield>
   <datafield ind2=" " ind1=" " tag="720">
      <subfield code="a">Fernando, Rohan L</subfield>
      <subfield code="e">author</subfield>
   </datafield>
   <datafield ind2=" " ind1=" " tag="720">
      <subfield code="a">Toosi, Ali</subfield>
      <subfield code="e">author</subfield>
   </datafield>
   <datafield ind2=" " ind1=" " tag="720">
      <subfield code="a">Dekkers, Jack CM</subfield>
      <subfield code="e">author</subfield>
   </datafield>
   <datafield ind2=" " ind1=" " tag="260">
      <subfield code="c">2009-01-15</subfield>
   </datafield>
   <datafield ind2=" " ind1=" " tag="520">
      <subfield code="a">Background: One of the main limitations of many livestock breeding programs is that selection is&#xd;
in pure breeds housed in high-health environments but the aim is to improve crossbred&#xd;
performance under field conditions. Genomic selection (GS) using high-density genotyping could&#xd;
be used to address this. However in crossbred populations, 1) effects of SNPs may be breed&#xd;
specific, and 2) linkage disequilibrium may not be restricted to markers that are tightly linked to the&#xd;
QTL. In this study we apply GS to select for commercial crossbred performance and compare a&#xd;
model with breed-specific effects of SNP alleles (BSAM) to a model where SNP effects are assumed&#xd;
the same across breeds (ASGM). The impact of breed relatedness (generations since separation),&#xd;
size of the population used for training, and marker density were evaluated. Trait phenotype was&#xd;
controlled by 30 QTL and had a heritability of 0.30 for crossbred individuals. A Bayesian method&#xd;
(Bayes-B) was used to estimate the SNP effects in the crossbred training population and the&#xd;
accuracy of resulting GS breeding values for commercial crossbred performance was validated in&#xd;
the purebred population.&#xd;
Results: Results demonstrate that crossbred data can be used to evaluate purebreds for&#xd;
commercial crossbred performance. Accuracies based on crossbred data were generally not much&#xd;
lower than accuracies based on pure breed data and almost identical when the breeds crossed&#xd;
were closely related breeds. The accuracy of both models (ASGM and BSAM) increased with&#xd;
marker density and size of the training data. Accuracies of both models also tended to decrease&#xd;
with increasing distance between breeds. However the effect of marker density, training data size&#xd;
and distance between breeds differed between the two models. BSAM only performed better than&#xd;
AGSM when the number of markers was small (500), the number of records used for training was&#xd;
large (4000), and when breeds were distantly related or unrelated.&#xd;
Conclusion: In conclusion, GS can be conducted in crossbred population and models that fit&#xd;
breed-specific effects of SNP alleles may not be necessary, especially with high marker density. This&#xd;
opens great opportunities for genetic improvement of purebreds for performance of their&#xd;
crossbred descendents in the field, without the need to track pedigrees through the system.</subfield>
   </datafield>
   <datafield ind1="8" ind2=" " tag="024">
      <subfield code="a">Ibáñez-Escriche, Noelia, Rohan L Fernando, Ali Toosi, and Jack Cm Dekkers. 2009. “Genomic Selection of Purebreds for Crossbred Performance.” Genetics Selection Evolution 41 (1): 12. doi: 10.1186/1297-9686-41-12</subfield>
   </datafield>
   <datafield ind1="8" ind2=" " tag="024">
      <subfield code="a">0999-193X</subfield>
   </datafield>
   <datafield ind1="8" ind2=" " tag="024">
      <subfield code="a">http://hdl.handle.net/20.500.12327/3130</subfield>
   </datafield>
   <datafield ind1="8" ind2=" " tag="024">
      <subfield code="a">https://doi.org/10.1186/1297-9686-41-12</subfield>
   </datafield>
   <datafield ind2="0" ind1="0" tag="245">
      <subfield code="a">Genomic selection of purebreds for crossbred performance</subfield>
   </datafield>
</record></metadata></record></GetRecord></OAI-PMH>